000 00699nam a2200229Ii 4500
003 JO-AjNU
008 230605s9999||||xx |||||||||||||| ||und||
017 _a2003/9/2018
040 _aJO-AjNU
_bara
_erda
_cJO-AjNU
041 _aara
050 1 4 _aLB1027 M33.2004
100 3 _a ابراهيم، مجدي عزيز,
_eauthor
_911896
245 0 0 _aموسوعة التدريس
250 _aالطبعة الأولى
264 3 1 _aعمان: دار المسيرة، 2004
300 _aج1(أ-ت)، 432ص
336 _atext
_btxt
_2rdacontent
337 _aunmediated
_bn
_2rdamedia
338 _avolume
_bnc
_2rdacarrier
490 0 _aموسوعة التدريس
650 4 _aالتدريس
_911897
999 _aA2560
_c6128
_d6128